| 000 | 01557nam a22002537a 4500 | ||
|---|---|---|---|
| 005 | 20110826161214.0 | ||
| 010 | _aB-442815-819 | ||
| 020 |
_a9789380748115 _c950.00 |
||
| 035 | _aB-442815-819 | ||
| 037 | _bRBC/Ven | ||
| 082 | _a364.30954 | ||
| 100 |
_aSrivastava, Anup _934597 |
||
| 245 |
_aThe criminal tribes of India / _cby Anup Srivastava |
||
| 260 |
_aNew Delhi _bMohit Books International _c2011 |
||
| 300 | v |
_avii, 288p. _c23cm. (Hb) |
|
| 500 | _aIncludes bibliographic references and index | ||
| 942 |
_2ddc _cEN _h364.30954 _mSRI |
||
| 999 |
_c56030 _d56030 |
||